00871nam a2200205 a 450000100100000000500170001000800410002704000250006808200160009310000330010924500770014226000330021930000210025249000480027359000760032183000550039704900090045295201870046199900170064800003518120200930074147.0111025s1957 ag 000 0 spa d aDO-SdBNPbspacBNPHU axxxxbS465i1 aSeligman, Edwin R. A.96091013aLa interpretación económica de la historia. /cEdwin R. A. Seligman. aBuenos Aires :bNova,c1957. a135 p. ;c19 cm.1 aCompendios Nova de iniciación culturalv7 aPerteneció a la biblioteca personal de Juan Isidro Jimenes Grullón. 0aCompendios Nova de iniciación culturalv7960911 aBNGR 001050718MOaGRbGRcCTd2011-10-25iLF1l0oxxxx S465ip35181-10r2020-06-25w2020-06-25y1zPerteneció a la biblioteca personal de Juan Isidro Jimenes -GrullónZNo se presta c34672d34672